000 00533nam a2200169 i 4500
001 142378
003 ES-MaACL
005 20230906200516.0
007 t|
008 071004s1963 sp ||||1| spa d
100 1 _aWirtz, Hans.
_9117140
245 1 0 _aMisterio y realidad del matrimonio /
_cHans Wirtz ; traducción del alemán por M. M. Muñoz Jiménez Millas.
260 _aMadrid :
_bStvdivm,
_c1963.
300 _a250 p. ;
_c20 cm.
700 1 _aMuñoz Jiménez-Millás, M. M.
_984439
852 _aES-MaACL
_jC-25037
_bR.53777
999 _c142378
_d142378